Vista normal
Vista MARC
Entrada Geographic Name
Número de registros utilizados en: 1
001 - CONTROL NUMBER
- control field: 68520
003 - CONTROL NUMBER IDENTIFIER
- control field: OSt
005 - DATE AND TIME OF LATEST TRANSACTION
- control field: 20260203211332.0
008 - FIXED-LENGTH DATA ELEMENTS
- fixed length control field: 260203|| aca||aabn | a|a d
040 ## - CATALOGING SOURCE
- Original cataloging agency: OSt
- Transcribing agency: OSt
151 ## - HEADING--GEOGRAPHIC NAME
- Geographic name: América
- General subdivision: Historia
- Form subdivision: Ensayos, conferencias, etc
670 ## - SOURCE DATA FOUND
- Source citation: Work cat.: (OSt)53507: La Condamine, Carlos María de 1701-1774 Autor 68519, La América meridional - Canal de Panamá